Normal view
MARC view
- Muhammad Luqman
Entry Personal Name
001 - CONTROL NUMBER
- control field: 51663
003 - CONTROL NUMBER IDENTIFIER
- control field: NUST
005 - DATE AND TIME OF LATEST TRANSACTION
- control field: 20210314135031.0
008 - FIXED-LENGTH DATA ELEMENTS
- fixed length control field: 210314|| aca||aabn | a|a d
040 ## - CATALOGING SOURCE
- Original cataloging agency: NUST
- Transcribing agency: NUST
100 ## - HEADING--PERSONAL NAME
- Personal name: Muhammad Luqman
670 ## - SOURCE DATA FOUND
- Source citation: Work cat.: (NUST): Nawab, Ghani 51661, Run of river hydel power generation (Pilot study on kabul river), 2019.
